| 000 | 01203cam a2200337 i 4500 | ||
|---|---|---|---|
| 001 | 6758271 | ||
| 003 | CSPC | ||
| 005 | 20260227105823.0 | ||
| 008 | 260227c2020 ph 000 0 eng | ||
| 010 | _aunk84159105 | ||
| 022 | _a2980-4663 | ||
| 035 | _a6758271 | ||
| 040 |
_aCSPC _beng _cCSPC _erda |
||
| 050 | 0 | 0 |
_aMT33 _b.H65 |
| 245 | 0 | 4 |
_aThe scales : _bthe official student research journal of the college of criminal justice education-legal management. |
| 264 | 1 |
_aBulacan : _bEl BulakeƱo Publishing House, _c2020. |
|
| 300 |
_avolumes : _billustrations ; _c23 cm. |
||
| 336 |
_atext _btxt _2rdacontent |
||
| 337 |
_aunmediated _bn _2rdamedia |
||
| 338 |
_avolume _bnc _2rdacarrier |
||
| 362 | _aVolume 1, Number 1 | ||
| 504 | _aIncludes Bibliographical References | ||
| 650 | 4 |
_aCriminology _xPeriodicals. |
|
| 650 | 4 |
_aCriminal law _xPeriodicals. |
|
| 650 | 4 |
_aLegal management _xPeriodicals. |
|
| 650 | 4 |
_aLaw _xPeriodicals. |
|
| 650 | 4 |
_aStudents _2Research _xPeriodicals. |
|
| 700 | 1 |
_aGarcia, Rolando Padilla., _eeditor. |
|
| 942 |
_2ddc _n0 _cSERIALS _kSER _m2020 _iSca44 |
||
| 999 |
_c31921 _d31921 |
||